[Event "Scarborough CC Howard Ridout Swiss U1700"]
[Site "Toronto CAN"]
[Date "2007.09.27"]
[Round "3"]
[White "Zlatanov, Petar"]
[Black "Verde, Pino"]
[Result "1/2-1/2"]
[WhiteElo "1596"]
[BlackElo "1652"]
[PlyCount "64"]
[GameId "2160767910579193"]
[EventDate "2007.09.13"]
[EventType "swiss"]
[EventRounds "7"]
[EventCountry "CAN"]
[SourceTitle "EXT 2022"]
[Source "ChessBase"]
[SourceDate "2021.10.06"]
[SourceVersion "1"]
[SourceVersionDate "2021.10.06"]
[SourceQuality "1"]

1. e4 b6 2. d4 d6 3. c4 Nf6 4. Nc3 Bb7 5. d5 a6 6. Nf3 Nbd7 7. b4 g6 8. Bd3 Bg7 9. Rb1 Ng4 10. Qc2 Nge5 11. Nxe5 Nxe5 12. O-O Qd7 13. f4 Ng4 14. h3 Bd4+ 15. Kh1 h5 16. Nd1 e5 17. dxe6 Qxe6 18. Bb2 Bxb2 19. Qxb2 Nf6 20. Nc3 O-O-O 21. Nd5 Nxe4 22. Rbe1 Ng3+ 23. Kg1 Qd7 24. Re7 Qa4 25. Bc2 Qc6 26. Rxc7+ Qxc7 27. Nxc7 Nxf1 28. Kxf1 Kxc7 29. Qf6 Rhf8 30. Qe7+ Kb8 31. Be4 Bxe4 32. Qxe4 Kc7 1/2-1/2

[Event "Scarborough CC Howard Ridout Swiss U1700"]
[Site "Toronto CAN"]
[Date "2007.10.04"]
[Round "4"]
[White "Jizan, Masoud"]
[Black "Mesiti, Silvano"]
[Result "0-1"]
[WhiteElo "1596"]
[BlackElo "1698"]
[PlyCount "92"]
[GameId "2160767910579194"]
[EventDate "2007.09.13"]
[EventType "swiss"]
[EventRounds "7"]
[EventCountry "CAN"]
[SourceTitle "EXT 2022"]
[Source "ChessBase"]
[SourceDate "2021.10.06"]
[SourceVersion "1"]
[SourceVersionDate "2021.10.06"]
[SourceQuality "1"]

1. d4 d5 2. c4 dxc4 3. e4 e6 4. Bxc4 Nf6 5. Nc3 Bb4 6. Bg5 Be7 7. Nf3 Nc6 8. Bf4 a6 9. a3 O-O 10. O-O Nh5 11. Be3 Nf6 12. Bd3 Bd7 13. Bc2 Ng4 14. Bc1 f5 15. exf5 exf5 16. h3 Nf6 17. d5 Na7 18. Bb3 Kh8 19. Re1 Bd6 20. Bg5 Nb5 21. Qc2 Qc8 22. a4 Nxc3 23. bxc3 Ne4 24. Be3 Qd8 25. c4 Nc5 26. Bd4 Nxb3 27. Qxb3 b6 28. Qc3 Rf7 29. h4 h6 30. h5 a5 31. Qc2 Qf8 32. Nh4 Qd8 33. Ng6+ Kg8 34. c5 bxc5 35. Bxc5 Qg5 36. Bxd6 cxd6 37. Qe2 f4 38. f3 Qxh5 39. Qe4 Bf5 40. Ne7+ Kf8 41. Nxf5 Qxf5 42. Rab1 Qxe4 43. fxe4 Rc7 44. e5 dxe5 45. Rxe5 Rc4 46. Ra1 Kf7 0-1

[Event "Scarborough CC Howard Ridout Swiss U1700"]
[Site "Toronto CAN"]
[Date "2007.10.04"]
[Round "4"]
[White "Lai, Jonathan"]
[Black "Termeer, Ted"]
[Result "0-1"]
[WhiteElo "1515"]
[BlackElo "1442"]
[PlyCount "78"]
[GameId "2160767910579195"]
[EventDate "2007.09.13"]
[EventType "swiss"]
[EventRounds "7"]
[EventCountry "CAN"]
[SourceTitle "EXT 2022"]
[Source "ChessBase"]
[SourceDate "2021.10.06"]
[SourceVersion "1"]
[SourceVersionDate "2021.10.06"]
[SourceQuality "1"]

1. e4 d6 2. d4 Nf6 3. Nc3 g6 4. Nf3 Bg7 5. Bc4 O-O 6. O-O Bg4 7. h3 Bxf3 8. Qxf3 c6 9. Bg5 Nfd7 10. Rad1 Nb6 11. Bb3 Na6 12. Rfe1 Nc7 13. Qe2 Ne6 14. Bxe6 fxe6 15. e5 d5 16. Qg4 Qd7 17. b3 Rf7 18. Ne2 Raf8 19. Nf4 Rf5 20. Rf1 Na8 21. Nd3 b6 22. Qh4 R5f7 23. Nf4 Nc7 24. Rd3 c5 25. c3 c4 26. Rg3 cxb3 27. axb3 Qe8 28. Qg4 Qd7 29. Nh5 Ne8 30. Nxg7 Nxg7 31. Bh6 Rf5 32. Bxg7 Kxg7 33. Qe2 b5 34. f4 Rxf4 35. Rxf4 Rxf4 36. Rf3 Rxf3 37. Qxf3 a6 38. b4 Qc7 39. Qe2 Qxc3 0-1

[Event "Scarborough CC Howard Ridout Swiss U1700"]
[Site "Toronto CAN"]
[Date "2007.10.04"]
[Round "4"]
[White "Morra, Lui"]
[Black "Wang, Jerry ZS"]
[Result "0-1"]
[WhiteElo "1551"]
[BlackElo "1599"]
[PlyCount "102"]
[GameId "2160767910579196"]
[EventDate "2007.09.13"]
[EventType "swiss"]
[EventRounds "7"]
[EventCountry "CAN"]
[SourceTitle "EXT 2022"]
[Source "ChessBase"]
[SourceDate "2021.10.06"]
[SourceVersion "1"]
[SourceVersionDate "2021.10.06"]
[SourceQuality "1"]

1. e4 e5 2. Nf3 Nc6 3. Bb5 a6 4. Ba4 Nf6 5. Qe2 b5 6. Bb3 Na5 7. c3 Nxb3 8. axb3 d6 9. h3 Bb7 10. d3 c5 11. Be3 Be7 12. Nbd2 O-O 13. Nf1 Qc7 14. Ng3 g6 15. h4 Rfc8 16. h5 c4 17. bxc4 bxc4 18. hxg6 fxg6 19. Bd2 Qb6 20. O-O-O cxd3 21. Qxd3 Qxf2 22. Be1 Qc5 23. Qd2 Ng4 24. Ng5 h5 25. Kb1 Qe3 26. Nf3 Qxd2 27. Nxd2 Ne3 28. Rc1 Nxg2 29. Bf2 Bg5 30. Rc2 h4 31. Ne2 Bxd2 32. Rxd2 Bxe4+ 33. Kc1 g5 34. Rxd6 Rc6 35. Rd7 Rf8 36. Ba7 Rcf6 37. Re7 Rf1+ 38. Rxf1 Rxf1+ 39. Kd2 h3 40. Ng3 Rf2+ 41. Kd1 Rf4 42. Rxe5 Bf3+ 43. Kd2 g4 44. Be3 Nxe3 45. Kxe3 Rf7 46. Re8+ Kg7 47. c4 Bg2 48. c5 Rf3+ 49. Ke2 Rxg3 50. Re7+ Kg8 51. Re8+ Kf7 0-1

[Event "Scarborough CC Howard Ridout Swiss U1700"]
[Site "Toronto CAN"]
[Date "2007.10.04"]
[Round "4"]
[White "Roe, Jim"]
[Black "Dattani, Dinesh"]
[Result "1-0"]
[WhiteElo "1586"]
[BlackElo "1397"]
[PlyCount "111"]
[GameId "2160767910579197"]
[EventDate "2007.09.13"]
[EventType "swiss"]
[EventRounds "7"]
[EventCountry "CAN"]
[SourceTitle "EXT 2022"]
[Source "ChessBase"]
[SourceDate "2021.10.06"]
[SourceVersion "1"]
[SourceVersionDate "2021.10.06"]
[SourceQuality "1"]

1. d4 d5 2. c4 c6 3. e3 Nf6 4. Nc3 Bf5 5. Nf3 h6 6. Qb3 Qc7 7. cxd5 cxd5 8. Nxd5 Qa5+ 9. Nc3 Bc8 10. Bd2 Qd8 11. Rc1 e6 12. Ne5 a6 13. Be2 Bd6 14. Nc4 Bc7 15. Bf3 Nc6 16. O-O Rb8 17. Na4 Bd7 18. Nc5 b5 19. Nxd7 Qxd7 20. Na3 Ne7 21. Rc2 O-O 22. Rfc1 Rfc8 23. Nb1 Bd8 24. Bb4 Rxc2 25. Rxc2 Ned5 26. Bc5 Rc8 27. Nc3 a5 28. Qxb5 Qxb5 29. Nxb5 Nb4 30. Rc3 Nxa2 31. Rc4 Rb8 32. Ba3 Nd5 33. Bxd5 exd5 34. Rc5 Be7 35. Rxd5 Bxa3 36. Nxa3 Rxb2 37. g3 Rb3 38. Rxa5 Rd3 39. Nc4 Nc3 40. Ra1 Nd5 41. Kf1 Rc3 42. Ne5 f6 43. Nf3 Nxe3+ 44. fxe3 Rxe3 45. Kf2 Rd3 46. Ke2 Rc3 47. Rd1 Rc6 48. Kd3 Rd6 49. Kc4 Kf7 50. Re1 g5 51. Kc5 Ra6 52. Re2 Ra5+ 53. Kb4 Rf5 54. Nd2 h5 55. Ne4 g4 56. Nd6+ 1-0

[Event "Scarborough CC Howard Ridout Swiss U1700"]
[Site "Toronto CAN"]
[Date "2007.10.11"]
[Round "5"]
[White "Dattani, Dinesh"]
[Black "Xiao, Sai"]
[Result "0-1"]
[WhiteElo "1397"]
[BlackElo "906"]
[PlyCount "94"]
[GameId "2160767910579198"]
[EventDate "2007.09.13"]
[EventType "swiss"]
[EventRounds "7"]
[EventCountry "CAN"]
[SourceTitle "EXT 2022"]
[Source "ChessBase"]
[SourceDate "2021.10.06"]
[SourceVersion "1"]
[SourceVersionDate "2021.10.06"]
[SourceQuality "1"]

1. d4 d5 2. c4 Nf6 3. Nc3 e6 4. Nf3 Bb4 5. Bg5 Nbd7 6. e3 h6 7. Bxf6 Qxf6 8. Be2 Nb6 9. Qb3 a5 10. a3 Bxc3+ 11. bxc3 dxc4 12. Bxc4 Nxc4 13. Qxc4 Qe7 14. O-O O-O 15. Ne5 Qg5 16. Qxc7 f6 17. Nf3 Qg6 18. Rfb1 e5 19. d5 Bh3 20. g3 Qe4 21. Ne1 Kh7 22. Rxb7 Rg8 23. Qc5 Rac8 24. Qxa5 Qc4 25. Qb5 Qxc3 26. Qd3+ Qxd3 27. Nxd3 Rgd8 28. Nb4 Rc4 29. f4 exf4 30. exf4 Ra8 31. d6 Rd4 32. d7 Rd2 33. Nc6 Bxd7 34. Ne7 Re8 35. Rxd7 Rxd7 36. Nc6 Rd2 37. a4 Ree2 38. a5 Rg2+ 39. Kh1 Rxh2+ 40. Kg1 Rdg2+ 41. Kf1 Rc2 42. Kg1 Rcg2+ 43. Kf1 Rxg3 44. Ra4 Rc2 45. Nb4 Rh2 46. a6 Rc3 47. a7 Rc1# 0-1

[Event "Scarborough CC Howard Ridout Swiss U1700"]
[Site "Toronto CAN"]
[Date "2007.10.11"]
[Round "5"]
[White "De Guzman, Xavier"]
[Black "Xia, Linda"]
[Result "0-1"]
[WhiteElo "1120"]
[BlackElo "1323"]
[PlyCount "60"]
[GameId "2160767910579199"]
[EventDate "2007.09.13"]
[EventType "swiss"]
[EventRounds "7"]
[EventCountry "CAN"]
[SourceTitle "EXT 2022"]
[Source "ChessBase"]
[SourceDate "2021.10.06"]
[SourceVersion "1"]
[SourceVersionDate "2021.10.06"]
[SourceQuality "1"]

1. d4 d5 2. c4 e6 3. c5 Nf6 4. Nc3 b6 5. b4 a5 6. Ba3 axb4 7. Bxb4 bxc5 8. Bxc5 Bxc5 9. dxc5 O-O 10. e3 Ra5 11. c6 Nxc6 12. Bb5 Ne5 13. Nf3 Nxf3+ 14. Qxf3 Ba6 15. a4 Bxb5 16. Nxb5 c6 17. Nd4 Qa8 18. Rd1 Rc8 19. O-O Ne4 20. Qe2 Nc3 21. Qc2 Nxa4 22. Ra1 c5 23. h4 c4 24. Nb3 Ra6 25. Ra3 Nc5 26. Rxa6 Qxa6 27. Nxc5 Rxc5 28. Qc3 Rb5 29. Ra1 Qc8 30. Ra3 Qb8 0-1

[Event "Scarborough CC Howard Ridout Swiss U1700"]
[Site "Toronto CAN"]
[Date "2007.10.11"]
[Round "5"]
[White "Graham, John"]
[Black "Morra, Lui"]
[Result "1-0"]
[WhiteElo "1517"]
[BlackElo "1551"]
[PlyCount "65"]
[GameId "2160767910579200"]
[EventDate "2007.09.13"]
[EventType "swiss"]
[EventRounds "7"]
[EventCountry "CAN"]
[SourceTitle "EXT 2022"]
[Source "ChessBase"]
[SourceDate "2021.10.06"]
[SourceVersion "1"]
[SourceVersionDate "2021.10.06"]
[SourceQuality "1"]

1. e4 c5 2. c3 d5 3. Qa4+ Nc6 4. Bb5 Qd6 5. Nf3 Bd7 6. O-O dxe4 7. Qxe4 Nf6 8. Qc2 a6 9. Bd3 e5 10. Bf5 Bxf5 11. Qxf5 Qc7 12. Re1 Bd6 13. d4 cxd4 14. Nxd4 O-O 15. Nxc6 Qxc6 16. Bg5 Nd5 17. Nd2 Qb6 18. Nc4 Qc5 19. Nxd6 Qxd6 20. Rad1 Qc6 21. Qe4 Nf4 22. Qxc6 bxc6 23. Bxf4 exf4 24. Rd6 Rac8 25. Re4 g5 26. h4 f6 27. Rc4 Rfe8 28. Rxf6 Re2 29. hxg5 Rxb2 30. a4 Rd8 31. Rfxf4 Ra2 32. Rxc6 Rxa4 33. Rxa4 1-0

[Event "Scarborough CC Howard Ridout Swiss U1700"]
[Site "Toronto CAN"]
[Date "2007.10.11"]
[Round "5"]
[White "Xie, Peter"]
[Black "Gillis, Doug"]
[Result "1/2-1/2"]
[WhiteElo "1403"]
[BlackElo "1632"]
[PlyCount "84"]
[GameId "2160767910579201"]
[EventDate "2007.09.13"]
[EventType "swiss"]
[EventRounds "7"]
[EventCountry "CAN"]
[SourceTitle "EXT 2022"]
[Source "ChessBase"]
[SourceDate "2021.10.06"]
[SourceVersion "1"]
[SourceVersionDate "2021.10.06"]
[SourceQuality "1"]

1. e4 e6 2. d4 d5 3. Nc3 dxe4 4. Nxe4 Qd5 5. Nc3 Bb4 6. Nge2 Nc6 7. a3 Bxc3+ 8. bxc3 Nf6 9. Ng3 O-O 10. Be3 e5 11. c4 Qd8 12. c3 Re8 13. Be2 exd4 14. cxd4 Ne4 15. Qd3 Nxg3 16. hxg3 g6 17. O-O Bf5 18. Qc3 Qf6 19. Rad1 Rad8 20. Qe1 Qd6 21. g4 Bc8 22. Bf3 Qxa3 23. Ra1 Qb4 24. Qxb4 Nxb4 25. Rxa7 c6 26. Ra3 Nc2 27. Rd3 Nxe3 28. Rxe3 Rxe3 29. fxe3 Be6 30. Rc1 Kg7 31. Kf2 Kf6 32. Rc2 Kg5 33. Kg3 f5 34. gxf5 Bxf5 35. e4 Be6 36. d5 cxd5 37. exd5 Bf5 38. Rd2 Rc8 39. Rd4 Kf6 40. d6 Be6 41. d7 Rd8 42. Bxb7 Rxd7 1/2-1/2

[Event "Scarborough CC Howard Ridout Swiss U1700"]
[Site "Toronto CAN"]
[Date "2007.10.11"]
[Round "5"]
[White "Zlatanov, Petar"]
[Black "Smith, Maurice"]
[Result "0-1"]
[WhiteElo "1596"]
[BlackElo "1598"]
[PlyCount "48"]
[GameId "2160767910579202"]
[EventDate "2007.09.13"]
[EventType "swiss"]
[EventRounds "7"]
[EventCountry "CAN"]
[SourceTitle "EXT 2022"]
[Source "ChessBase"]
[SourceDate "2021.10.06"]
[SourceVersion "1"]
[SourceVersionDate "2021.10.06"]
[SourceQuality "1"]

1. e4 c5 2. Nf3 d6 3. d4 cxd4 4. Nxd4 Nf6 5. Nc3 g6 6. Be3 Bg7 7. f3 Bd7 8. Bc4 Nc6 9. Qd2 O-O 10. O-O-O Rc8 11. h4 Ne5 12. Bb3 Nc4 13. Bxc4 Rxc4 14. Bh6 Rxd4 15. Qxd4 Bxh6+ 16. Kb1 Bg7 17. Qxa7 Qc7 18. g4 Rc8 19. Rd2 e6 20. Qe3 h5 21. Qg5 Qb6 22. Ne2 Nxe4 23. c3 Nxg5 24. hxg5 Bc6 0-1

[Event "Scarborough CC Howard Ridout Swiss U1700"]
[Site "Toronto CAN"]
[Date "2007.10.18"]
[Round "6"]
[White "De Guzman, Xavier"]
[Black "Dattani, Dinesh"]
[Result "0-1"]
[WhiteElo "1120"]
[BlackElo "1397"]
[PlyCount "92"]
[GameId "2160767910579203"]
[EventDate "2007.09.13"]
[EventType "swiss"]
[EventRounds "7"]
[EventCountry "CAN"]
[SourceTitle "EXT 2022"]
[Source "ChessBase"]
[SourceDate "2021.10.06"]
[SourceVersion "1"]
[SourceVersionDate "2021.10.06"]
[SourceQuality "1"]

1. d4 d5 2. c4 c6 3. Nc3 Nf6 4. Bg5 e6 5. a3 Nbd7 6. e4 dxe4 7. Nxe4 Be7 8. Nxf6+ Nxf6 9. Be2 O-O 10. Nf3 Ne4 11. Bxe7 Qxe7 12. Qc2 Nf6 13. O-O-O Bd7 14. h4 h6 15. Ne5 Be8 16. Rh3 Nd7 17. Nxd7 Bxd7 18. h5 Qg5+ 19. Kb1 Qxg2 20. Rg3 Qxf2 21. Rdg1 Qxd4 22. Rxg7+ Qxg7 23. Rxg7+ Kxg7 24. Bd3 Kf6 25. Qf2+ Ke7 26. Qh4+ f6 27. Qf4 Rh8 28. Bg6 e5 29. Qe4 Be6 30. c5 Rad8 31. Qb4 Rd7 32. Qc3 Rhd8 33. Bc2 Bg4 34. Kc1 Bxh5 35. Qh3 Bf7 36. Qxh6 Rg8 37. Qe3 Rdd8 38. b4 Bg6 39. a4 Bxc2 40. Kxc2 Rg2+ 41. Kc1 Rdd2 42. a5 Rdf2 43. Qe1 Ra2 44. Kb1 Rgb2+ 45. Kc1 Ra1+ 46. Kxb2 Rxe1 0-1

[Event "Scarborough CC Howard Ridout Swiss U1700"]
[Site "Toronto CAN"]
[Date "2007.10.18"]
[Round "6"]
[White "Douglas, Steven1"]
[Black "Lai, Jonathan"]
[Result "1-0"]
[WhiteElo "1592"]
[BlackElo "1515"]
[PlyCount "69"]
[GameId "2160767910579204"]
[EventDate "2007.09.13"]
[EventType "swiss"]
[EventRounds "7"]
[EventCountry "CAN"]
[SourceTitle "EXT 2022"]
[Source "ChessBase"]
[SourceDate "2021.10.06"]
[SourceVersion "1"]
[SourceVersionDate "2021.10.06"]
[SourceQuality "1"]

1. e4 c5 2. Nc3 d6 3. f4 Nc6 4. Bb5 Bd7 5. Bxc6 Bxc6 6. Nf3 e6 7. O-O Be7 8. d3 Nf6 9. Qe1 O-O 10. Ng5 h6 11. Nh3 a6 12. Qg3 Kh8 13. f5 Bd7 14. Ne2 e5 15. Nf2 Rc8 16. Kh1 c4 17. Ng1 cxd3 18. cxd3 Qc7 19. Nf3 Rg8 20. Qh3 Bf8 21. g4 Qc2 22. g5 Nh7 23. gxh6 gxh6 24. Bxh6 Bxh6 25. Qxh6 Qe2 26. Nh4 Rc6 27. Rac1 Qxb2 28. Rg1 Rcc8 29. Ng4 Rc2 30. Nf3 Qxa2 31. Nf6 Rxh2+ 32. Nxh2 Rxg1+ 33. Rxg1 Qxh2+ 34. Kxh2 Bxf5 35. Rg8# 1-0

[Event "Scarborough CC Howard Ridout Swiss U1700"]
[Site "Toronto CAN"]
[Date "2007.10.18"]
[Round "6"]
[White "Farhang, Arvin"]
[Black "Morra, Lui"]
[Result "1-0"]
[WhiteElo "1266"]
[BlackElo "1551"]
[PlyCount "78"]
[GameId "2160767910579205"]
[EventDate "2007.09.13"]
[EventType "swiss"]
[EventRounds "7"]
[EventCountry "CAN"]
[SourceTitle "EXT 2022"]
[Source "ChessBase"]
[SourceDate "2021.10.06"]
[SourceVersion "1"]
[SourceVersionDate "2021.10.06"]
[SourceQuality "1"]

1. d4 Nf6 2. c4 g6 3. Bf4 Bg7 4. Nc3 O-O 5. Nf3 d5 6. e3 Bg4 7. Be2 a6 8. Rc1 dxc4 9. Bxc4 b5 10. Bb3 b4 11. Na4 Ne8 12. h3 Bf5 13. Ng5 Nd6 14. g4 Bd7 15. Nc5 Bb5 16. Qf3 Nc6 17. Bxd6 exd6 18. Bxf7+ Kh8 19. Nce6 Qe7 20. Nxf8 Rxf8 21. Rxc6 Bxc6 22. Qxc6 Qxg5 23. Bc4 Qh4 24. Qg2 c5 25. dxc5 dxc5 26. O-O Bxb2 27. Bxa6 Qf6 28. Bc4 Qc3 29. Qd5 Qe5 30. Qxe5+ Bxe5 31. Rc1 Rd8 32. Bb3 Bc3 33. Kf1 Kg7 34. Rd1 Rxd1+ 35. Bxd1 Kf6 36. Kg2 Ke5 37. Kf3 c4 38. Bc2 Bb2 39. h4 Kd5 1-0

[Event "Scarborough CC Howard Ridout Swiss U1700"]
[Site "Toronto CAN"]
[Date "2007.10.18"]
[Round "6"]
[White "Gillis, Doug"]
[Black "Wu, Kevin"]
[Result "0-1"]
[WhiteElo "1617"]
[BlackElo "1481"]
[PlyCount "124"]
[GameId "2160767910579206"]
[EventDate "2007.09.13"]
[EventType "swiss"]
[EventRounds "7"]
[EventCountry "CAN"]
[SourceTitle "EXT 2022"]
[Source "ChessBase"]
[SourceDate "2021.10.06"]
[SourceVersion "1"]
[SourceVersionDate "2021.10.06"]
[SourceQuality "1"]

1. e4 c5 2. Nf3 d6 3. d4 cxd4 4. Qxd4 Bd7 5. Be3 Nc6 6. Qd2 Nf6 7. h3 Nxe4 8. Qd3 Bf5 9. Nd4 Qa5+ 10. c3 Nxf2 11. Qb5 Qxb5 12. Bxb5 Nxh1 13. Nxf5 a6 14. Ba4 b5 15. Bc2 e6 16. Nh4 Be7 17. Nf3 Ng3 18. Kf2 Nf5 19. Bd2 Ne5 20. Be4 d5 21. Bxf5 Nxf3 22. Bxe6 fxe6 23. Kxf3 O-O+ 24. Ke2 Bc5 25. b4 Bb6 26. Be1 d4 27. a4 dxc3 28. Nxc3 Bd4 29. axb5 Bxc3 30. Bxc3 axb5 31. Ra5 Rac8 32. Bd4 Rc2+ 33. Kd3 Rxg2 34. Bc5 Rg3+ 35. Ke4 Rc8 36. Rxb5 Rxh3 37. Ke5 Rc6 38. Rb8+ Kf7 39. Rf8+ Kg6 40. Re8 Rh5+ 41. Kd4 Rd5+ 42. Ke4 Rdxc5 43. bxc5 Rxc5 44. Rxe6+ Kf7 45. Ra6 Rc7 46. Kf5 h6 47. Kg4 Re7 48. Kf4 Re6 49. Ra8 Rf6+ 50. Kg4 Kg6 51. Ra7 Re6 52. Kf4 Kf6 53. Kg4 g5 54. Rh7 Kg6 55. Ra7 h5+ 56. Kg3 Kf5 57. Rf7+ Rf6 58. Rh7 h4+ 59. Kg2 Kg4 60. Ra7 h3+ 61. Kg1 Kg3 62. Ra5 h2+ 0-1

[Event "Scarborough CC Howard Ridout Swiss U1700"]
[Site "Toronto CAN"]
[Date "2007.10.18"]
[Round "6"]
[White "Hall, John2"]
[Black "Lamb, Bryan"]
[Result "0-1"]
[WhiteElo "2126"]
[BlackElo "2207"]
[PlyCount "62"]
[GameId "2160767910579207"]
[EventDate "2007.09.13"]
[EventType "swiss"]
[EventRounds "7"]
[EventCountry "CAN"]
[SourceTitle "EXT 2022"]
[Source "ChessBase"]
[SourceDate "2021.10.06"]
[SourceVersion "1"]
[SourceVersionDate "2021.10.06"]
[SourceQuality "1"]

1. b3 d6 2. Bb2 Nd7 3. Nf3 d5 4. g3 Ngf6 5. Nc3 e6 6. d4 Be7 7. Bg2 g6 8. O-O e5 9. Nd2 Nc5 10. b4 Ne6 11. b5 c5 12. Rc1 h6 13. e3 a5 14. bxa6 Rxa6 15. a4 Qd7 16. Bh3 e4 17. f4 exf3 18. Kh1 b6 19. Nxd5 Rh7 20. g4 Nf4 21. Kg1 Ng2 22. Ba1 Qxg4 23. Rxf3 Qxf3 24. Nxe7 Qxh3 25. Kf2 Qxh2 26. Ke2 Nxe3+ 27. Ke1 Qh4+ 28. Ke2 Qg4+ 29. Ke1 Nf5 30. Kf2 Qg3+ 31. Kf1 Qg4 0-1

[Event "Scarborough CC Howard Ridout Swiss U1700"]
[Site "Toronto CAN"]
[Date "2007.10.18"]
[Round "6"]
[White "Jizan, Masoud"]
[Black "Wang, Jerry ZS"]
[Result "0-1"]
[WhiteElo "1596"]
[BlackElo "1650"]
[PlyCount "108"]
[GameId "2160767910579208"]
[EventDate "2007.09.13"]
[EventType "swiss"]
[EventRounds "7"]
[EventCountry "CAN"]
[SourceTitle "EXT 2022"]
[Source "ChessBase"]
[SourceDate "2021.10.06"]
[SourceVersion "1"]
[SourceVersionDate "2021.10.06"]
[SourceQuality "1"]

1. e4 e5 2. f4 exf4 3. Nf3 d5 4. exd5 Nf6 5. Bc4 Nxd5 6. O-O Be7 7. Qe2 Nb6 8. Bxf7+ Kxf7 9. Ne5+ Ke8 10. Qh5+ g6 11. Nxg6 hxg6 12. Qxh8+ Kd7 13. Qd4+ Ke8 14. Qxf4 Bf5 15. Nc3 Bxc2 16. d4 Qd6 17. Qf7+ Kd7 18. Bg5 Nc6 19. Rae1 Re8 20. Rf2 Bd3 21. Bf4 Qf6 22. Qxf6 Bxf6 23. Rxe8 Kxe8 24. Kh1 Bxd4 25. Rf3 Bf5 26. Bxc7 Nc4 27. b3 N4e5 28. Rf1 Bxc3 29. h4 Kd7 30. Bxe5 Nxe5 31. h5 Bd3 32. Rc1 Bb2 33. Rd1 gxh5 34. Kh2 Kc6 35. Kg3 Be2 36. Rd2 Bg4 37. Rxb2 Kb5 38. a3 Nd3 39. Rc2 Nc5 40. Rc4 Be6 41. a4+ Kb6 42. Rb4+ Kc6 43. Kh4 Bxb3 44. Kxh5 Bxa4 45. g4 Bb3 46. Rxb3 Nxb3 47. g5 Nd4 48. g6 Ne6 49. Kg4 a5 50. Kf5 Kd6 51. Ke4 b5 52. Kd3 a4 53. Kc3 Ke7 54. Kb4 Kf6 0-1

[Event "Scarborough CC Howard Ridout Swiss U1700"]
[Site "Toronto CAN"]
[Date "2007.10.18"]
[Round "6"]
[White "Karpik, Steve"]
[Black "Graham, John"]
[Result "1-0"]
[WhiteElo "1621"]
[BlackElo "1517"]
[PlyCount "81"]
[GameId "2160767910579209"]
[EventDate "2007.09.13"]
[EventType "swiss"]
[EventRounds "7"]
[EventCountry "CAN"]
[SourceTitle "EXT 2022"]
[Source "ChessBase"]
[SourceDate "2021.10.06"]
[SourceVersion "1"]
[SourceVersionDate "2021.10.06"]
[SourceQuality "1"]

1. Nf3 Nf6 2. c4 e6 3. g3 Nc6 4. Bg2 d5 5. cxd5 Nxd5 6. O-O Bd6 7. Nc3 Nf6 8. a3 O-O 9. b4 Ne5 10. Bb2 Nc4 11. Rb1 Nxb2 12. Rxb2 a6 13. d4 c6 14. e4 Bc7 15. e5 Nd5 16. Qc2 Qe7 17. Na4 Bb6 18. Nc5 Bxc5 19. bxc5 Nc7 20. a4 a5 21. Re1 Nd5 22. Re2 Nb4 23. Qd1 Rd8 24. Red2 Rb8 25. Ne1 Qc7 26. Nc2 Nd5 27. Bxd5 exd5 28. Ne3 Bh3 29. Qh5 Qd7 30. f4 g6 31. Qh4 Re8 32. g4 g5 33. Qxg5+ Kf8 34. Qh6+ Ke7 35. Qxh3 Rg8 36. Qh4+ Ke8 37. Rg2 Ra8 38. Nf5 Ra6 39. Qxh7 Kf8 40. Qh6+ Ke8 41. Rxb7 1-0

[Event "Scarborough CC Howard Ridout Swiss U1700"]
[Site "Toronto CAN"]
[Date "2007.10.18"]
[Round "6"]
[White "Perez, Michael"]
[Black "Armstrong, Robert J"]
[Result "0-1"]
[WhiteElo "1726"]
[BlackElo "1708"]
[PlyCount "57"]
[GameId "2160767910579210"]
[EventDate "2007.09.13"]
[EventType "swiss"]
[EventRounds "7"]
[EventCountry "CAN"]
[SourceTitle "EXT 2022"]
[Source "ChessBase"]
[SourceDate "2021.10.06"]
[SourceVersion "1"]
[SourceVersionDate "2021.10.06"]
[SourceQuality "1"]

1. e4 g6 2. d4 Bg7 3. f4 d6 4. d5 Nf6 5. Bd3 c5 6. e5 dxe5 7. Nf3 O-O 8. O-O Nc6 9. fxe5 Nxd5 10. Ng5 Na5 11. Be2 Bf5 12. Nxf7 Rxf7 13. Rf2 c4 14. Bf4 g5 15. Bg3 h5 16. h3 g4 17. h4 Nc6 18. Qxd5 Qxd5 19. Na3 Be4 20. Bf3 Bf5 21. Nb5 Rc8 22. c3 b6 23. Nxa7 Bh6 24. e6 Bxe6 25. Nb5 Na7 26. b3 Rc7 27. Kh1 Rd7 28. Nd6 exd6 29. Bxd6 0-1

[Event "Scarborough CC Howard Ridout Swiss U1700"]
[Site "Toronto CAN"]
[Date "2007.10.18"]
[Round "6"]
[White "Tursman, Richard"]
[Black "Xie, Peter"]
[Result "1-0"]
[WhiteElo "1544"]
[BlackElo "1403"]
[PlyCount "77"]
[GameId "2160767910579211"]
[EventDate "2007.09.13"]
[EventType "swiss"]
[EventRounds "7"]
[EventCountry "CAN"]
[SourceTitle "EXT 2022"]
[Source "ChessBase"]
[SourceDate "2021.10.06"]
[SourceVersion "1"]
[SourceVersionDate "2021.10.06"]
[SourceQuality "1"]

1. e4 e5 2. Nc3 Nf6 3. g3 Nc6 4. Bg2 Bc5 5. Nge2 a6 6. h3 d6 7. O-O Be6 8. Kh2 Qd7 9. f4 O-O-O 10. f5 h5 11. fxe6 Qxe6 12. d4 Nxd4 13. Nxd4 Bxd4 14. Bf3 Kb8 15. Bg5 Rdg8 16. Ne2 Bb6 17. Bxf6 gxf6 18. Qd5 Qd7 19. Bg2 Qe7 20. Rf5 h4 21. g4 c6 22. Qb3 Ba7 23. Qf3 Rh6 24. Rf1 Rgg6 25. c4 Qe6 26. b3 b5 27. cxb5 axb5 28. Rc1 Qd7 29. Qc3 Kb7 30. a4 Bc5 31. b4 Ba7 32. axb5 cxb5 33. Qb3 Rg8 34. Qd5+ Kb6 35. Ra1 Qe7 36. Nc3 Qd7 37. Bf1 Bb8 38. Bxb5 Qc7 39. Ra6# 1-0

[Event "Scarborough CC Howard Ridout Swiss U1700"]
[Site "Toronto CAN"]
[Date "2007.10.18"]
[Round "6"]
[White "Xia, Linda"]
[Black "Philip, Andrew"]
[Result "0-1"]
[WhiteElo "1323"]
[BlackElo "1660"]
[PlyCount "54"]
[GameId "2160767910579212"]
[EventDate "2007.09.13"]
[EventType "swiss"]
[EventRounds "7"]
[EventCountry "CAN"]
[SourceTitle "EXT 2022"]
[Source "ChessBase"]
[SourceDate "2021.10.06"]
[SourceVersion "1"]
[SourceVersionDate "2021.10.06"]
[SourceQuality "1"]

1. d4 d5 2. c4 c6 3. Nc3 Nf6 4. Nf3 e6 5. Bg5 Be7 6. e3 Nbd7 7. Bd3 O-O 8. O-O h6 9. Bh4 b6 10. Re1 Bb7 11. a3 c5 12. Rb1 Rc8 13. b3 cxd4 14. Nxd4 Ne5 15. Bf1 Bxa3 16. b4 Nxc4 17. Rb3 Bb2 18. Bxc4 Bxc3 19. Bxf6 Qxf6 20. Rxc3 Rxc4 21. Rxc4 dxc4 22. Qc2 Rc8 23. Nb5 Qg5 24. f4 Qxb5 25. Rb1 f5 26. Qc3 Qd5 27. Rb2 Qd3 0-1